000 00317 a2200157 4500
001 63662
020 _a8573903937
040 _cAnchieta - Pituba
100 _aAlencar, José de
240 1 0 _aIracema
_lpor
245 1 0 _aIracema
300 _a126
362 0 _a2003
650 4 _aFicção brasileira
942 _cBK
999 _c63662
_d63662